MARC details
| 000 -LEADER |
| campo de control de longitud fija |
02173cam a2200421Mu 4500 |
| 001 - NÚMERO DE CONTROL |
| campo de control |
104112 |
| 005 - FECHA Y HORA DE LA ÚLTIMA TRANSACCIÓN |
| campo de control |
20230410124135.0 |
| 008 - DATOS DE LONGITUD FIJA--INFORMACIÓN GENERAL |
| campo de control de longitud fija |
090519s2008 sp 000 0 spa d |
| 020 ## - NÚMERO INTERNACIONAL ESTÁNDAR DEL LIBRO |
| Número Internacional Estándar del Libro |
9788496775381 |
| 020 ## - NÚMERO INTERNACIONAL ESTÁNDAR DEL LIBRO |
| Número Internacional Estándar del Libro |
8496775380 |
| 029 0# - OTRO NÚMERO DE CONTROL DE SISTEMA (OCLC) |
| Identificador de la biblioteca OCLC |
DEBSZ |
| Número de control de sistema |
306763125 |
| 035 ## - NÚMERO DE CONTROL DEL SISTEMA |
| Número de control de sistema |
(OCoLC)ocn698944359 |
| 035 ## - NÚMERO DE CONTROL DEL SISTEMA |
| Número de control de sistema |
(OCoLC)698944359 |
| 040 ## - FUENTE DE CATALOGACIÓN |
| Centro catalogador/agencia de origen |
DEBSZ |
| Normas de descripción |
rakwb |
| Lengua de catalogación |
ger |
| Centro/agencia transcriptor |
DEBSZ |
| 049 ## - FONDOS LOCALES (OCLC) |
| Biblioteca depositaria |
GRAL |
| 050 14 - SIGNATURA TOPOGRÁFICA DE LA BIBLIOTECA DEL CONGRESO |
| Número de clasificación |
NA 8300 |
| Número de ítem |
P149 2008 |
| 082 00 - NÚMERO DE LA CLASIFICACIÓN DECIMAL DEWEY |
| Número de clasificación |
712 |
| 245 10 - MENCIÓN DEL TÍTULO |
| Título |
Paisaje y territorio / |
| Mención de responsabilidad, etc. |
Javier Maderuelo (dir.) ; Antonio Ansón... [et al.]. |
| 260 ## - PUBLICACIÓN, DISTRIBUCIÓN, ETC. |
| Lugar de publicación, distribución, etc. |
Madrid : |
| Nombre del editor, distribuidor, etc. |
Abada Editores, |
| Fecha de publicación, distribución, etc. |
2008. |
| 300 ## - DESCRIPCIÓN FÍSICA |
| Extensión |
350 p. : |
| Otras características físicas |
Ill. ; |
| Dimensiones |
24 cm. |
| 490 1# - MENCIÓN DE SERIE |
| Mención de serie |
Pensar el paisaje |
| Designación de volumen o secuencia |
3 |
| 490 0# - MENCIÓN DE SERIE |
| Mención de serie |
Lecturas de paisaje; |
| Designación de volumen o secuencia |
3 |
| 500 ## - NOTA GENERAL |
| Nota general |
Referencias bibliográficas. -- Indices. |
| 505 ## - NOTA DE CONTENIDO CON FORMATO |
| Nota de contenido con formato |
Introducción / Javier Maderuelo. La mirada del geógrafo sobre el paisaje : del conocimiento a la gestión / Josefina Gómez Mendoza. Maneras de ver el mundo : de la cartografía al paisaje / Javier Maderuelo. El arte (de perderse) en un bosque / Fernando Castro Flórez. Las representaciones sociales del paisaje y sus evoluciones / Yves Luginbuhl. Al margen : los paisajes que no vemos / Joan Nogué. El paisaje como percepción de las dinámicas y ritmos del territorio / Ignacio Español Echániz. Territorios y paisajes : modelos para pensar fotografía y literatura, tal vez soñar / Antonio Ansón. La dimensión fílmica del paisaje / Neus Miró. De la ordenación del territorio al paisaje : Madrid como estudio de caso / Daniel Zarza. Los nuevos paisajes de la metrópoli / Enric Batlle i Durany. Passages : a l'endroit, a l'envers / Catherine Mosbach. |
| 650 #0 - PUNTO DE ACCESO ADICIONAL DE MATERIA--TÉRMINO DE MATERIA |
| Término de materia o nombre geográfico como elemento de entrada |
Landscape architecture |
| Subdivisión de forma |
Congresses. |
| 650 #0 - PUNTO DE ACCESO ADICIONAL DE MATERIA--TÉRMINO DE MATERIA |
| Término de materia o nombre geográfico como elemento de entrada |
Regional planning |
| Subdivisión de forma |
Congresses. |
| 650 #0 - PUNTO DE ACCESO ADICIONAL DE MATERIA--TÉRMINO DE MATERIA |
| Término de materia o nombre geográfico como elemento de entrada |
Nature (Aesthetics) |
| Subdivisión de forma |
Congresses. |
| 650 #4 - PUNTO DE ACCESO ADICIONAL DE MATERIA--TÉRMINO DE MATERIA |
| Término de materia o nombre geográfico como elemento de entrada |
Paisaje |
| Subdivisión de forma |
Congresos, conferencias, etc. |
| 650 #4 - PUNTO DE ACCESO ADICIONAL DE MATERIA--TÉRMINO DE MATERIA |
| Término de materia o nombre geográfico como elemento de entrada |
Arquitectura del paisaje |
| Subdivisión de forma |
Congresos, conferencias, etc. |
| 650 #4 - PUNTO DE ACCESO ADICIONAL DE MATERIA--TÉRMINO DE MATERIA |
| Término de materia o nombre geográfico como elemento de entrada |
Territorio. |
| 650 #4 - PUNTO DE ACCESO ADICIONAL DE MATERIA--TÉRMINO DE MATERIA |
| Término de materia o nombre geográfico como elemento de entrada |
Primera Jornada de Catalogacion. |
| 700 1# - ENTRADA AGREGADA--NOMBRE PERSONAL |
| Nombre de persona |
Maderuelo, Javier. |
| Relación |
ed. |
| 700 1# - ENTRADA AGREGADA--NOMBRE PERSONAL |
| Nombre de persona |
Anson, Antonio, |
| Fechas asociadas al nombre |
1960. |
| 830 #0 - PUNTO DE ACCESO ADICIONAL DE SERIE-TÍTULO UNIFORME |
| Título uniforme |
Pensar el paisaje |
| Designación de volumen o secuencia |
3. |
| 942 ## - ELEMENTOS DE ENTRADA SECUNDARIOS (KOHA) |
| Fuente del sistema de clasificación o colocación |
Clasificación de Library of Congress |
| Tipo de ítem Koha |
|
| 946 ## - PROCESAMIENTO DE INFORMACIÓN LOCAL (OCLC) |
| a |
rg / ih |
| 994 ## - |
| -- |
C0 |
| -- |
DRFGD |